| 000 | 00941cam a2200313 i 4500 | ||
|---|---|---|---|
| 001 | 768714001 | ||
| 003 | CO-MdFUSB | ||
| 005 | 20241204101800.0 | ||
| 007 | ta | ||
| 008 | 241204t1990 -uk||||| |||| 00| 0 eng d | ||
| 020 | _a0-232-51830-0 | ||
| 040 | _cCO-MdFUSB | ||
| 041 | _aeng | ||
| 082 | 0 | 4 |
_223 _a236.22 _bT915h |
| 100 | 1 |
_aTugwell, Simon _eautor |
|
| 245 | 1 | 0 |
_aHuman immortality and the redemption of death _c/ Simon Tugwell |
| 264 | 1 |
_bDarton, Longman and Todd, _aLondon : _c[1990] |
|
| 264 | 4 | _c©1990 | |
| 300 | _axii, 196 páginas | ||
| 336 |
_atexto _btxt _2rdacontent |
||
| 337 |
_2rdamedia _asin mediación _bn |
||
| 338 |
_2rdacarrier _avolumen _bnc |
||
| 500 | _aIncluye índice (p. 193-196) | ||
| 505 | _aEl concepto del alma inmortal y su papel en la teología cristiana - ¿Felices para siempre? - La eternidad y el fin | ||
| 563 | _aRústico | ||
| 653 | _aEscatología | ||
| 942 | _cBK | ||
| 945 | _aMiguel | ||
| 999 |
_c45624 _d45624 |
||